| 000 | 00373nam a2200145I 4500 | ||
|---|---|---|---|
| 040 | _cMIA | ||
| 082 | _a305 LIP 1934 A065 Or. | ||
| 100 | 1 | _aNimkoff, Meyer F. | |
| 245 | 1 | 4 | _aThe child / |
| 260 |
_aChicago, _aPhiladelphia, _bJ. B. Lippincott company _c[c1934] |
||
| 300 |
_aix, 303 p. _c21 cm. |
||
| 650 | 0 | _aChild development. | |
| 650 | 0 | _aChild psychology. | |
| 942 | _cEK | ||
| 999 |
_c14322 _d14322 |
||